Statistics for Всички букви в обратен ред за 45 секунди

Click here to take the quiz!

General Stats

  • This quiz has been taken 79 times
  • The average score is 13 of 30

Answer Stats

Country% Correct
Я
98%
Ю
92%
ь
85%
Ъ
83%
Щ
81%
Ш
81%
Ч
64%
Ц
64%
Х
53%
Ф
51%
У
45%
Т
45%
С
40%
Р
40%
О
38%
П
38%
Н
34%
М
30%
Л
28%
К
26%
Й
25%
И
25%
З
23%
Ж
23%
Е
19%
Б
17%
А
17%
Д
15%
Г
15%
В
15%

Score Distribution

Percentile by Number Answered

Percent of People with Each Score

Your Score History

You have not taken this quiz